| 000 | 00621nam a2200241 a 4500 | ||
|---|---|---|---|
| 999 |
_c4034 _d4034 |
||
| 001 | 4034 | ||
| 003 | BD-JhCC | ||
| 005 | 20171129101122.0 | ||
| 008 | 171122s1961 e a|||| ||a| 000 0 eng d | ||
| 035 | _a(BD-JhCC)4034 | ||
| 040 |
_aBD-JhCC _dBD-JhCC |
||
| 041 | _aeng | ||
| 082 |
_a398.21 _bMIS 1961 |
||
| 100 | _aMiss, F A | ||
| 245 |
_aFolk Tales of East Pakistan / _cMiss F A, Jasimuddin, Carvel Painter |
||
| 260 |
_aLondon : _bOxford University Press, _c1961 |
||
| 300 |
_a92 p. : _c20 cm. |
||
| 650 | _aFolk Tales | ||
| 700 | _aPainter, Carvel | ||
| 700 | _aJasimuddin | ||
| 942 |
_2ddc _cBK |
||